Du plus grand au plus petit pays - Statistiques

Statistiques générales
  • Ce quiz a été pris 30 fois
  • Le résultat moyen est 22 sur 196
Réponses sur la Carte
Les réponses sont colorées sur une échelle allant du rouge au vert en fonction du pourcentage des utilisateurs qui les ont devinées à leur premier essai. Vous pouvez retrouver ces pourcentages ci-dessous.
 
Statistiques - réponses
Pays % Correct
Canada
100%
Russie
100%
Chine
96%
États-Unis
96%
Australie
91%
Brésil
91%
Inde
91%
Algérie
78%
Argentine
78%
Kazakhstan
74%
République Démocratique du Congo
65%
Danemark
52%
Arabie Saoudite
48%
Mexique
48%
Indonésie
43%
Iran
43%
Libye
43%
Mongolie
43%
Pérou
43%
Soudan
43%
Afrique du Sud
35%
Angola
35%
Mali
35%
Niger
35%
Tchad
35%
Éthiopie
30%
Bolivie
26%
Colombie
26%
Égypte
26%
Mauritanie
22%
Namibie
22%
Venezuela
22%
Afghanistan
17%
Birmanie
17%
Chili
17%
France
17%
Kenya
17%
Madagascar
17%
Mozambique
17%
Nigeria
17%
Pakistan
17%
République Centrafricaine
17%
Somalie
17%
Soudan du Sud
17%
Tanzanie
17%
Turquie
17%
Ukraine
17%
Zambie
17%
Botswana
13%
Espagne
13%
Yémen
13%
Allemagne
9%
Cameroun
9%
Irak
9%
Japon
9%
Maroc
9%
Norvège
9%
Ouzbékistan
9%
Papouasie-Nouvelle-Guinée
9%
Paraguay
9%
Suède
9%
Thaïlande
9%
Turkménistan
9%
Vatican
9%
Zimbabwe
9%
Burkina Faso
4%
Côte d'Ivoire
4%
Finlande
4%
Italie
4%
Malaisie
4%
Monaco
4%
Nauru
4%
Nouvelle-Zélande
4%
Oman
4%
Philippines
4%
Pologne
4%
République du Congo
4%
Tuvalu
4%
Viêt Nam
4%
Albanie
0%
Andorre
0%
Antigua-et-Barbuda
0%
Arménie
0%
Autriche
0%
Azerbaïdjan
0%
Bahamas
0%
Bahreïn
0%
Bangladesh
0%
Barbade
0%
Belgique
0%
Belize
0%
Bénin
0%
Bhoutan
0%
Biélorussie
0%
Bosnie-Herzégovine
0%
Brunei
0%
Bulgarie
0%
Burundi
0%
Cambodge
0%
Cap-Vert
0%
Chypre
0%
Comores
0%
Corée du Nord
0%
Corée du Sud
0%
Costa Rica
0%
Croatie
0%
Cuba
0%
Djibouti
0%
Dominique
0%
Émirats Arabes Unis
0%
Équateur
0%
Érythrée
0%
Estonie
0%
Eswatini
0%
États Fédérés de Micronésie
0%
Fidji
0%
Gabon
0%
Gambie
0%
Géorgie
0%
Ghana
0%
Grèce
0%
Grenade
0%
Guatemala
0%
Guinée
0%
Guinée-Bissau
0%
Guinée Équatoriale
0%
Guyana
0%
Haïti
0%
Honduras
0%
Hongrie
0%
Îles Marshall
0%
Îles Salomon
0%
Irlande
0%
Islande
0%
Israël
0%
Jamaïque
0%
Jordanie
0%
Kirghizistan
0%
Kiribati
0%
Kosovo
0%
Koweït
0%
Laos
0%
Lesotho
0%
Lettonie
0%
Liban
0%
Liberia
0%
Liechtenstein
0%
Lituanie
0%
Luxembourg
0%
Macédoine du Nord
0%
Malawi
0%
Maldives
0%
Malte
0%
Maurice
0%
Moldavie
0%
Monténégro
0%
Népal
0%
Nicaragua
0%
Ouganda
0%
Palaos
0%
Panama
0%
Pays-Bas
0%
Portugal
0%
Qatar
0%
République Dominicaine
0%
République Tchèque
0%
Roumanie
0%
Royaume-Uni
0%
Rwanda
0%
Saint-Christophe- et-Niévès
0%
Sainte-Lucie
0%
Saint-Marin
0%
Saint-Vincent-et-les-Grenadines
0%
Salvador
0%
Samoa
0%
Sao Tomé-et-Principe
0%
Sénégal
0%
Serbie
0%
Seychelles
0%
Sierra Leone
0%
Singapour
0%
Slovaquie
0%
Slovénie
0%
Sri Lanka
0%
Suisse
0%
Suriname
0%
Syrie
0%
Tadjikistan
0%
Taïwan
0%
Timor Oriental
0%
Togo
0%
Tonga
0%
Trinité-et-Tobago
0%
Tunisie
0%
Uruguay
0%
Vanuatu
0%
Aucun quiz correspondant
Distribution des résultats
% des personnes avec chaque résultat
Percentile par nombre de réponses
Votre historique - résultats
Vous n’avez pas pris ce quiz